| 000 | 01747nam a2200325 i 4500 | ||
|---|---|---|---|
| 003 | EG-GICUC | ||
| 005 | 20260208155817.0 | ||
| 008 | 260110s2000 ua ||||f |||| 00| 0 ara d | ||
| 040 |
_a EG-GICUC _bara _c EG-GICUC _d EG-GICUC _erda |
||
| 041 | _aara | ||
| 082 | 0 | 4 |
_221 _a345.7 _bم ح . ع |
| 092 | 0 | 4 | _221 |
| 099 | _aLaw1 07 345.7 م ح . ع 2000 | ||
| 100 | 0 |
_aمحمد عبد المجيد إسماعيل _eمؤلف. |
|
| 245 | 1 | 0 |
_aعقود الأشغال الدولية : _b"دراسة لأثر الطبيعة القانونية الجديدة لهذه العقود على الأحكام الخاصة بها" . _pالقانون المصري - القانون المقارن - الأعراف الدولية / _cدكتور محمد عبد المجيد إسماعيل . |
| 264 | 1 |
_aالقاهرة : _b[الناشر غير محدد] ، _c2000 . |
|
| 300 |
_a468 ؛ صفحة _c24 سم |
||
| 336 |
_2rda content _atext |
||
| 337 |
_2rda media _aComputer |
||
| 338 |
_2rda carrier _aOnline Resource |
||
| 504 | _a. 468-462 ببليوجرافيا: صفحات. | ||
| 504 | _aيشتمل على إرجاعات ببليوجرافية | ||
| 505 | _a- الطبيعة القانونية الجديدة لعقد الأشغال الدولي - الجزاءات في عقد الأشغال الدولي - القوة القاهرة - صعوبة تنفيذ الالتزام - تسوية منازعات عقد الأشغال الدولي - الوساطة -التحكيم في عقود الأشغال الدولية | ||
| 650 | 1 | 4 |
_aالعقود الإدارية _2qrmak |
| 650 | 1 | 4 | _aالقانون الإداري |
| 651 | 1 | _2qrmak | |
| 856 | 4 | 0 | _uhttps://fll.law.cu.edu.eg/fulltext/bks/B07-02600.pdf |
| 905 |
_a61 _eYara |
||
| 942 |
_2ddc _cBK _e21 _n0 |
||
| 999 |
_c55878 _d55878 |
||